K niektorým otázkam hospodárskeho mechanizmu imperialistickej integrácie na príklade ES kandidátska dizertačná práca
Saved in:
| Main Author: | |
|---|---|
| Corporate Author: | |
| Other Authors: | |
| Format: | Book |
| Language: | Slovak |
| Published: |
Bratislava
1983
|
| Tags: |
No Tags, Be the first to tag this record!
|
MARC
| LEADER | 00000nam a2200000 4500 | ||
|---|---|---|---|
| 001 | c033374 | ||
| 005 | 20230116093717.4 | ||
| 041 | 0 | |a slo | |
| 044 | |a SK | ||
| 245 | 1 | 0 | |a K niektorým otázkam hospodárskeho mechanizmu imperialistickej integrácie na príklade ES |b kandidátska dizertačná práca |c Božena Hrvoľová ; ved. práce Drahoš Šíbl |
| 264 | 1 | |a Bratislava |c 1983 | |
| 300 | |a 182 s. | ||
| 100 | 1 | |a Hrvoľová, Božena | |
| 700 | 1 | |a Šíbl, Drahoš | |
| 710 | 2 | |a Vysoká škola ekonomická v Bratislave. Národohospodárska fakulta | |